00848nam a22001817a 4500003000900000008004100009040007100050082001500121100001800136245007500154260007100229300003500300505024400335650002000579650003200599650001600631700001900647AR-CdUCM190321b           ||||| |||| 00| 0 spa d  aMUNICIPALIDAD PROVINCIAL DEL CUSCOcBIBLIOTECA MUNICIPAL DEL CUSCO  a591 /bD62  aDethier, V.G.  aEl Reino Animal :bConduscta y sus bases evolucionaria y neurologica /  aMéxico :bUnion Tipografica Editorial Hispano Americana ,c1967.  a199 + 11 páginas ;c17.5 cm.  aContenido : Irritabilidad y conduccion -- Sistema Nervioso simple -- Sistema nervioso radial complejo -- sistema nervioso bilateral -- El sistema nervioso de los vertebrados -- Conducta Estereotipada -- Aprendizaje -- Procesos Complejos...  aConducta Animal  aEl sistema linfatico Animal  aVeterinaria  aStellar, Eliot